Histoire de l'émigration européenne, asiatique et africaine au XIXe. siècle (Record no. 53292)

MARC details
000 -LEADER
campo de control de longitud fija 00550nam a22001575i 4500
001 - NÚMERO DE CONTROL
campo de control 53292
003 - IDENTIFICADOR DE NÚMERO DE CONTROL
campo de control ES-MaACL
007 - CAMPO FIJO DE DESCRIPCIÓN FÍSICA--INFORMACIÓN GENERAL
campo de control de longitud fija t|
008 - DATOS DE LONGITUD FIJA--INFORMACIÓN GENERAL
campo de control de longitud fija 940202s1862 fr ||||1| fre d
040 ## - FUENTE DE CATALOGACIÓN
Centro catalogador/agencia de origen CAM
Lengua de catalogación spa
100 1# - ENTRADA PRINCIPAL--NOMBRE DE PERSONA
Nombre de persona Duval, Jules.
9 (RLIN) 46376
245 10 - MENCIÓN DEL TÍTULO
Título Histoire de l'émigration européenne, asiatique et africaine au XIXe. siècle
Resto del título : ses causes, ses caractères, ses effects /
Mención de responsabilidad, etc. par Jules Duval.
260 ## - PUBLICACIÓN, DISTRIBUCIÓN, ETC.
Lugar de publicación, distribución, etc. Paris :
Nombre del editor, distribuidor, etc. Guillaumin et Cie.,
Fecha de publicación, distribución, etc. 1862 (
Lugar de fabricación/manufactura Saint-Denis :
Fabricante Typ. de A. Moulin)
300 ## - DESCRIPCIÓN FÍSICA
Extensión XVI, 496 p. ;
Dimensiones 22 cm.
852 ## - LOCALIZACIÓN
Ubicación ES-MaACL
Número de control de estantería G-12767
Holdings
Estatus retirado Estado de pérdida Estado de daño No para préstamo Colección Biblioteca de origen Biblioteca actual Ubicación en estantería Fecha de adquisición Fuente de adquisición Total de préstamos Signatura topográfica completa Código de barras Visto por última vez Precio de reemplazo Tipo de ítem Koha
        Libros del s. XIX Biblioteca del Ateneo de Madrid Biblioteca del Ateneo de Madrid Sala Pecera Planta 3 17/01/2008     G-12767 1055997 23/02/2023 23/02/2023 Libro impreso antiguo